01009nam a22002417a 4500003000900000005001700009007000300026008004100029020001800070040002600088100004000114245005000154260003900204300002100243500007300264590002900337910001500366942001400381952011500395952012000510952012000630999001700750DO-SdBNP20220127142734.0ta211203b2018 dr ||||| |||| 00| 0 spa d a9789945614107 aDO-SdBNPbspacBNPHU 1 a Rosario, Mary Lois, d1950-98081610aDos veces marcada / c Mary Lois del Rosario. aSanto Domingo : bSantuario,c2018 a131 p. ;c23 cm. aIncluye datos biográficos de la autora en la solapa de la cubierta aInventariado, 2021 /LP  aLopérez. 2ddccLBS1 00102ddc718PDaBNPHUbBNPHUcHDd2021-12-03eDepósito Legal l0p2021-28504r2021-12-03w2021-12-03yLFPD 00102ddc718PDaBNPHUbBNPHUcHDd2021-12-03eDepósito Legal l0p2021-28505r2021-12-03te.2w2021-12-03yLFPD 00102ddc758DSaBNPHUbBNPHUcHDd2021-12-03eDepósito Legal l0p2021-28506r2021-12-03te.3w2021-12-03yLFDS c51100d51100